000 00830nam a22002057a 4500
005 20180720105507.0
010 _aB-698578
020 _a9789332551732
_c375.00
035 _aB-698578
037 _bR.K. Books
082 _a000
100 _aMadaan, K.V.S
245 _aCBSE,UGC,NET, PAPER-1:
_bTeacing and Research Aptitude/
_cK V S Madaan
250 _a2nd,Edition
260 _aNoida,Utter pradesh
_bPearson Education services pvt.Ltd.
_c2018
270 _a15Th Floor, Tower-B, World Trade Tower, plot No, -1, Block-C, Sector -16
_b Noida, Utter pradesh
_e201301
300 _axx,101 P.
_bIll.
_c23x16 c.m.(pbk)
942 _2ddc
_cEN
_h000
_mMAD
999 _c154221
_d154221